书目信息 |
| 题名: |
英语省略句
|
|
| 作者: | 刘养之 , 田雨三 编 | |
| 分册: | ||
| 出版信息: | 北京 商务印书馆 1981 |
|
| 页数: | 114页 | |
| 开本: | 19cm | |
| 丛书名: | ||
| 单 册: | ||
| 中图分类: | H314.3 | |
| 科图分类: | ||
| 主题词: | 省略(语法)-英语 , 英语-省略(语法) | |
| 电子资源: | ||
| ISBN: | ||
| 000 | 00707nam0 2200253 45 | |
| 001 | 0181005811 | |
| 005 | 20060811112519.09 | |
| 010 | @dCNY0.43 | |
| 091 | @a9017.1067 | |
| 100 | @a19950607d1981 em y0chiy0121 ea | |
| 101 | 0 | @achi |
| 102 | @aCN@b110000 | |
| 105 | @ay z 000yy | |
| 200 | 10 | @a英语省略句@Aying yu sheng lue ju@f田雨三,刘养之编 |
| 210 | @a北京@c商务印书馆@d1981 | |
| 215 | @a114页@d19cm | |
| 606 | @a省略(语法)-英语 | |
| 606 | @a英语-省略(语法) | |
| 690 | @aH314.3@v3 | |
| 701 | 0 | @a刘养之@Aliu yang zhi@4编 |
| 701 | 0 | @a田雨三@Atian yu san@4编 |
| 801 | 2 | @aCN@bNLC@c20060811 |
| 801 | 0 | @aCN@b上海图书馆@c20040506 |
| 905 | @f3@b175049-051@dH314.3@e12@b68900-909@f10@f1@b201931 | |
| 英语省略句/田雨三,刘养之编.-北京:商务印书馆,1981 |
| 114页;19cm |
| ISBN :CNY0.43 |
| ● |
| 相关链接 |
|
|
|
|
正题名:英语省略句
索取号:H314.3/12
 
预约/预借
| 序号 | 登录号 | 条形码 | 馆藏地/架位号 | 状态 | 备注 |
| 1 | 0068900 | 001378388 | 第四借阅区/ [索取号:H314.3/12] | 在馆 | |
| 2 | 0068901 | 001378397 | 第四借阅区/ [索取号:H314.3/12] | 在馆 | |
| 3 | 0068902 | 001378262 | 第四借阅区/ [索取号:H314.3/12] | 在馆 | |
| 4 | 0068903 | 001378333 | 第四借阅区/ [索取号:H314.3/12] | 在馆 | |
| 5 | 0068904 | 001378315 | 第四借阅区/ [索取号:H314.3/12] | 在馆 | |
| 6 | 0068905 | 001378306 | 第四借阅区/ [索取号:H314.3/12] | 在馆 | |
| 7 | 0068906 | 001378244 | 第四借阅区/ [索取号:H314.3/12] | 在馆 | |
| 8 | 0068907 | 001378299 | 第四借阅区/ [索取号:H314.3/12] | 在馆 | |
| 9 | 0068908 | 001378351 | 第四借阅区/ [索取号:H314.3/12] | 在馆 | |
| 10 | 0068909 | 001378342 | 第四借阅区/ [索取号:H314.3/12] | 在馆 | |
| 11 | 0175049 | 001378280 | 第四借阅区/ [索取号:H314.3/12] | 在馆 | |
| 12 | 0175050 | 001378271 | 第四借阅区/ [索取号:H314.3/12] | 在馆 | |
| 13 | 0175051 | 001378324 | 第二样本阅览室/ [索取号:H314.3/12] | 在馆 | |
| 14 | 0201931 | 001378379 | 第四借阅区/ [索取号:H314.3/12] | 在馆 | |
| 15 | 0455544 | 204555445 | 密集书库/ [索取号:H314.3/12] | 在馆 |